Province che confinano con la Provincia di Reggio Emilia - Statistics

Statistiche generali
  • Questo quiz è stato fatto 26 volte
  • Il punteggio medio è 4 su 5
Statistiche sulle risposte
Regione Provincia % Corretto
Emilia-Romagna Provincia di Parma
100%
Emilia-Romagna Provincia di Modena
94%
Toscana Provincia di Massa-Carrara
89%
Toscana Provincia di Lucca
83%
Liguria Provincia della Spezia
72%
Nessun quiz corrispondente trovato
Distribuzione punteggi
Percentuale di utenti per punteggio
Percentile per numero di risposta
I tuoi punteggi nel tempo
Non hai fatto questo quiz